000 00699cam a2200181 4500
001 WS114291
008 010822n 000 0 eng u
035 _a(Sirsi) u114291
110 _aReal Estate Research Institute
_94122
245 _aReal Estate Research Institute
520 _aWeb site for this US based organisation 'created to stimulate high quality research on real estate investment performance'. Includes details of research and working papers.
650 _aUSA
650 _aINTERNATIONAL
650 _aRESEARCH
690 _aMANAGEMENT-BUSINESS MANAGEMENT-PROFESSIONAL PRACTICE
856 4 0 _uhttps://www.reri.org
_zView the website free of charge at www.reri.org...
942 _n0
999 _c119865
_d119865